Clubs ronaldo has played for - Statistics

General Stats
  • This quiz has been taken 53 times
  • The average score is 5 of 6
Answer Stats
Hint Answer % Correct
2018-21 Juventus
100%
2003-09 Manchester United
100%
2021-22 Manchester United
100%
2009-18 Real Madrid
95%
2023- Al Nassr
83%
2002-03 Sporting CP
38%
No matching quizzes found
Score Distribution
Percent of People with Each Score
Percentile by Number Answered
Your Score History
You have not taken this quiz